| 000 | 00725cam a2200229 4500 | ||
|---|---|---|---|
| 001 | ABS62883 | ||
| 008 | 000000n2000 000 0 eng u | ||
| 035 | _a(Sirsi) u108445 | ||
| 100 | _aAisbett, A. | ||
| 245 | _aSafe as houses | ||
| 260 | _c2000 | ||
| 490 |
_aPFI Journal _v5(4) September/October 2000, 42-44(3) |
||
| 520 | _aOutlines several issues of concern in local authority housing projects, focusing on PFI and how authorities can establish a separate company to facilitate investment. Tables. | ||
| 590 | _aABS | ||
| 650 | _aPFI | ||
| 650 | _aLOCAL AUTHORITIES | ||
| 650 | _aSOCIAL HOUSING | ||
| 650 | _aSTOCK TRANSFERS | ||
| 650 | _aPFI CONTRACTS | ||
| 690 |
_aAffordable housing _96215 |
||
| 942 | _n0 | ||
| 999 |
_c64748 _d64748 |
||